A history of the world

The main purpose of this study is to provide a short history of the world arranged on thematic, rather than chronological, lines. At the end of the book it allowed to be drawn into a discussion of the crisis which appears to affect to the world in the last quater of twentieth century,...

Na minha lista:
Detalhes bibliográficos
Autor principal: Thomas, Hugh
Formato: Livro
Idioma:Undetermined
Publicado em: New York Harper Torchbooks 1989
Assuntos:
Tags: Adicionar Tag
Sem tags, seja o primeiro a adicionar uma tag!
Thư viện lưu trữ: Trung tâm Học liệu Trường Đại học Cần Thơ
LEADER 00762nam a2200193Ia 4500
001 CTU_108813
008 210402s9999 xx 000 0 und d
082 |a 909 
082 |b T454 
100 |a Thomas, Hugh 
245 2 |a A history of the world 
245 0 |c Hugh Thomas 
260 |a New York 
260 |b Harper Torchbooks 
260 |c 1989 
520 |a The main purpose of this study is to provide a short history of the world arranged on thematic, rather than chronological, lines. At the end of the book it allowed to be drawn into a discussion of the crisis which appears to affect to the world in the last quater of twentieth century,... 
650 |a World history 
904 |i Hiếu 
980 |a Trung tâm Học liệu Trường Đại học Cần Thơ